[Event "Challenge Reykjavik"]
[Site "http://www.queenalice.com/game.php?id=1303132"]
[Date "2014.8.21"]
[Round "-"]
[White "gislibjo"]
[Black "Dorges"]
[Result "0-1"]
[WhiteElo "1685"]
[BlackElo "1765"]

1. e4 e5 2. Nf3 Nc6 3. Nc3 Bc5 4. Bb5 Nge7 5. O-O h6 6. h3 a6 7. Bc4 O-O 8. Nd5
Nxd5 9. exd5 Nd4 10. Nxe5 d6 11. Nd3 Qg5 12. Nxc5 dxc5 13. d3 Qg6 14. Kh1 b5 15.
Bb3 Nxb3 16. axb3 Qf6 17. c4 Bd7 18. Ra2 Rfe8 19. Be3 Qe7 20. Qf3 Qf8 21. Qg3 g6
22. Qxc7 Bf5 23. Bxc5 Qg7 24. Rd1 Qf6 25. Qg3 Rec8 26. Bb4 Re8 27. Bd2 h5 28.
Bc3 Qb6 29. Qf4 f6 30. g4 hxg4 31. hxg4 g5 32. gxf5 gxf4 33. cxb5 axb5 34. Rxa8
Rxa8 35. Rg1+ Kf7 36. Rg6 Qxf2 37. Rxf6+ Ke8 38. Re6+ Kd7 39. Be1 Rh8+ 0-1

[Event "Challenge"]
[Site "http://www.queenalice.com/game.php?id=1306273"]
[Date "2014.9.5"]
[Round "-"]
[White "ORNELAS"]
[Black "gislibjo"]
[Result "0-1"]
[WhiteElo "1665"]
[BlackElo "1672"]

1. e4 e5 2. c3 Nf6 3. d3 d6 4. Bg5 h6 5. Bh4 Be7 6. Be2 O-O 7. Nf3 c6 8. Nbd2
Nbd7 9. b4 b5 10. a4 a6 11. Bxf6 Nxf6 12. a5 Bb7 13. Nh4 c5 14. Nf5 d5 15. O-O
dxe4 16. dxe4 cxb4 17. cxb4 Bxb4 18. Nxh6+ gxh6 19. Ra2 Bxa5 20. Qc1 Bxd2 21.
Rxd2 Qe7 22. Bf3 Rfc8 23. Rfd1 Rxc1 24. Rxc1 Bxe4 25. Bxe4 Nxe4 26. Re2 Nd6 27.
h3 Nc4 28. Re4 Qg5 29. Rg4 Qxg4 30. hxg4 a5 31. Rc3 a4 32. Rg3 a3 33. g5 hxg5
34. Rxg5+ Kf8 35. Rh5 Ke7 36. Rh3 a2 37. Rb3 Nd6 38. Re3 f6 39. Re1 a1=Q 40.
Rxa1 Rxa1+ 41. Kh2 b4 42. g3 b3 43. Kg2 b2 44. g4 b1=Q 45. Kf3 Qh1+ 46. Ke3 Ra3+
47. Ke2 Qf3+ 48. Ke1 Ne4 0-1

[Event "Reykjavík Challenge"]
[Site "http://www.queenalice.com/game.php?id=1306428"]
[Date "2014.9.6"]
[Round "-"]
[White "gislibjo"]
[Black "schrotti2"]
[Result "1-0"]
[WhiteElo "1668"]
[BlackElo "1683"]

1. e4 g6 2. Nc3 Bg7 3. d4 e6 4. Nf3 a6 5. Bc4 Nc6 6. Be3 Nge7 7. O-O d5 8. exd5
exd5 9. Bb3 O-O 10. h3 Be6 11. Ng5 Qd6 12. Nxe6 Qxe6 13. a3 Nf5 14. Nxd5 Qd7 15.
Qg4 Rad8 16. c3 Nxe3 17. Nxe3 Qxg4 18. Nxg4 Rfe8 19. f4 Na5 20. Ba2 Re2 21. Rf2
Rxf2 22. Kxf2 b5 23. Re1 Nc4 24. Bxc4 bxc4 25. Ne3 c5 26. d5 a5 27. Rd1 Bh6 28.
Kf3 f5 29. h4 Rb8 30. Nxc4 Rb5 31. d6 Rb8 32. d7 Bg7 33. d8=Q+ Rxd8 34. Rxd8+
1-0

[Event "Challenge Reykjavik"]
[Site "http://www.queenalice.com/game.php?id=1316256"]
[Date "2014.10.18"]
[Round "-"]
[White "gislibjo"]
[Black "robertson"]
[Result "1-0"]
[WhiteElo "1688"]
[BlackElo "1820"]

1. e4 e5 2. Nf3 Qf6 3. h3 a6 4. a3 Bc5 5. Bc4 Nc6 6. O-O d6 7. Nc3 Qg6 8. Kh2
Bd7 9. d3 h6 10. Nd5 O-O-O 11. Nh4 Qh7 12. g3 Nge7 13. f4 Nxd5 14. Bxd5 f6 15.
c3 Ba7 16. a4 Ne7 17. Ba2 g5 18. fxe5 gxh4 19. gxh4 fxe5 20. Rf7 Qg6 21. h5 Qg1+
22. Qxg1 Bxg1+ 23. Kxg1 Nc6 24. Kh2 Rde8 25. Be3 Nd8 26. Rf6 Rhf8 27. Raf1 Rxf6
28. Rxf6 b6 29. Rxh6 Rf8 30. Rg6 Bxa4 31. b3 Bd7 32. h6 Rf3 33. Rg3 Rf8 34. b4
Kb7 35. Bg8 Nf7 36. Bxf7 Rxf7 37. Kg2 Kc6 38. Rg7 Rxg7+ 39. hxg7 Be6 40. h4 Bg8
41. h5 Kd7 42. Kg3 Ke6 43. Kg4 Kf6 44. h6 Kg6 45. Kf3 c5 46. Ke2 Kh7 47. Kd2
cxb4 48. cxb4 b5 49. Kc3 Be6 50. Bg5 Kg6 51. Be3 Kh7 52. d4 exd4+ 53. Kxd4 Kg6
54. e5 d5 55. Kc5 Kh7 56. Kd6 Bg8 57. e6 d4 58. Bd2 d3 59. e7 Bf7 60. Kd7 Kg8
61. e8=Q+ Bxe8+ 62. Kxe8 Kh7 63. Kf7 1-0

[Event "Challenge"]
[Site "http://www.queenalice.com/game.php?id=1317571"]
[Date "2014.10.24"]
[Round "-"]
[White "bumpywater"]
[Black "gislibjo"]
[Result "1-0"]
[WhiteElo "1670"]
[BlackElo "1709"]

1. e4 e5 2. Nf3 Nc6 3. Bc4 h6 4. d4 exd4 5. Nxd4 Nxd4 6. Qxd4 d6 7. Nc3 a6 8.
O-O c5 9. Qd5 Be6 10. Qd3 Bxc4 11. Qxc4 Be7 12. Bf4 Nf6 13. h3 O-O 14. Rad1 Ne8
15. e5 b6 16. Rfe1 Ra7 17. e6 f6 18. Nd5 f5 19. Nxe7+ Rxe7 20. Rd3 g5 21. Rg3
Rf6 22. h4 g4 23. Qd5 Kh7 24. Rge3 Kg6 25. g3 Qb8 26. c3 Qc7 27. Rd3 c4 28. Rd4
b5 29. b3 Qc5 30. bxc4 bxc4 31. Qxc4 Qxc4 32. Rxc4 Rfxe6 33. Rxe6+ Rxe6 34. Rc6
Kf7 35. Rxa6 Kg7 36. a4 Re4 37. a5 Rc4 38. Ra7+ Kg6 39. Re7 Nf6 40. Bxd6 Rxc3
41. a6 Rc6 42. a7 Ra6 43. Bc5 Nd5 44. Re6+ Rxe6 45. a8=Q Nc7 46. Qg8+ Kh5 47.
Qf7+ Rg6 48. Qxf5+ Rg5 49. hxg5 1-0

[Event "Reykjavík Challenge"]
[Site "http://www.queenalice.com/game.php?id=1328545"]
[Date "2014.12.16"]
[Round "-"]
[White "gislibjo"]
[Black "mascarade"]
[Result "1-0"]
[WhiteElo "1691"]
[BlackElo "1683"]

1. e4 e5 2. Nf3 Nc6 3. Bb5 Nge7 4. Bxc6 Nxc6 5. h3 b6 6. O-O Bb7 7. Nc3 Bb4 8.
Nd5 Ne7 9. Nxb4 Bxe4 10. Nxe5 Nf5 11. Re1 d5 12. d3 Qf6 13. Nf3 Qg6 14. dxe4 Ne7
15. exd5 h5 16. Nc6 1-0

[Event "Reykjavík Challenge"]
[Site "http://www.queenalice.com/game.php?id=1328546"]
[Date "2014.12.16"]
[Round "-"]
[White "gislibjo"]
[Black "Sirius"]
[Result "1-0"]
[WhiteElo "1707"]
[BlackElo "1662"]

1. e4 e5 2. Nf3 d6 3. h3 Nf6 4. Nc3 a6 5. Bc4 c6 6. d3 Nbd7 7. O-O b5 8. Bb3 a5
9. Bg5 a4 10. Bxf7+ Kxf7 11. Nh2 h6 12. Bh4 g5 13. Bg3 Nc5 14. d4 Bg7 15. dxc5
dxc5 16. Bxe5 Qxd1 17. Raxd1 b4 18. Ne2 Be6 19. a3 Bc4 20. Rfe1 Nxe4 21. Rd7+
Ke6 22. Rxg7 Kxe5 23. Ng3 Kf6 24. Nh5+ Kf5 25. g4+ Ke5 26. Nf3+ Kd5 27. Rg6 Bb5
28. Rd1+ Kc4 29. Ne5# 1-0

[Event "Reykjavík Challenge"]
[Site "http://www.queenalice.com/game.php?id=1328547"]
[Date "2014.12.16"]
[Round "-"]
[White "gislibjo"]
[Black "zegan13"]
[Result "1-0"]
[WhiteElo "1721"]
[BlackElo "1787"]

1. e4 e6 2. Nf3 d5 3. Bd3 c5 4. exd5 exd5 5. h3 Nf6 6. O-O Bd6 7. Re1+ Be6 8.
Bf5 Qd7 9. Ng5 Ke7 10. Nxe6 fxe6 11. Bxe6 Qc7 12. Bxd5+ Kd8 13. Nc3 Nbd7 14. d3
a6 15. Bg5 Rf8 16. Re6 Kc8 17. Bxf6 Nxf6 18. Qe2 g5 19. Bf3 Bh2+ 20. Kh1 Kb8 21.
g3 Bxg3 22. fxg3 Qxg3 23. Qg2 1-0

[Event "Challenge"]
[Site "http://www.queenalice.com/game.php?id=1329609"]
[Date "2014.12.21"]
[Round "-"]
[White "ORNELAS"]
[Black "gislibjo"]
[Result "0-1"]
[WhiteElo "1701"]
[BlackElo "1740"]

1. Nf3 d5 2. d4 Nc6 3. c3 h6 4. e3 Bg4 5. Nbd2 e5 6. Be2 e4 7. Ne5 Bxe2 8. Qxe2
a6 9. Nxc6 bxc6 10. f3 exf3 11. Nxf3 Qd6 12. Ne5 Be7 13. Qf3 Nf6 14. Bd2 O-O 15.
b4 Ne4 16. Qf4 f5 17. a3 Bg5 18. Qf1 h5 19. h4 Bh6 20. O-O-O Nxd2 21. Kxd2 f4
22. Kc2 fxe3 23. Qg1 Rf2+ 24. Kb3 a5 25. Rf1 a4# 0-1

[Event "Reykjavík Challenge"]
[Site "http://www.queenalice.com/game.php?id=1334215"]
[Date "2015.1.11"]
[Round "-"]
[White "gislibjo"]
[Black "ermes72"]
[Result "1-0"]
[WhiteElo "1768"]
[BlackElo "1850"]

1. e4 e5 2. Nf3 d6 3. h3 h5 4. Bc4 Be6 5. Bxe6 fxe6 6. d3 Be7 7. O-O g5 8. Nh2
g4 9. hxg4 h4 10. f4 Bf6 11. f5 exf5 12. gxf5 Bg5 13. Qg4 Bxc1 14. Qg6+ Kf8 15.
Rxc1 Qf6 16. Nc3 Qxg6 17. fxg6 Kg7 18. Nd5 Nd7 19. Nxc7 Rc8 20. Nd5 Rf8 21. b4
Ngf6 22. Ne7 Rh5 23. Rf1 Rg5 24. Rf3 Nxe4 25. dxe4 Rxf3 26. Nxf3 Rg4 27. Re1 h3
28. Re2 Nf6 29. Nd2 Nh5 30. Rf2 Ng3 31. Rf7+ Kh6 32. Rh7+ Kg5 33. gxh3 Ne2+ 34.
Kf2 1-0

[Event "Reykjavík Challenge"]
[Site "http://www.queenalice.com/game.php?id=1334216"]
[Date "2015.1.11"]
[Round "-"]
[White "gislibjo"]
[Black "ebelote"]
[Result "1-0"]
[WhiteElo "1754"]
[BlackElo "1703"]

1. e4 e5 2. Nf3 Nc6 3. Bc4 Nf6 4. d3 Bc5 5. Bg5 h6 6. Bh4 a6 7. O-O d6 8. h3 b5
9. Bb3 Nd4 10. Nxd4 Bxd4 11. c3 Ba7 12. Bd5 Rb8 13. Kh1 g5 14. Bg3 Nxd5 15. exd5
Bf5 16. Qe2 h5 17. f3 h4 18. Bh2 b4 19. f4 gxf4 20. Bxf4 Kd7 21. Be3 Bxe3 22.
Qxe3 bxc3 23. bxc3 Rb2 24. Rxf5 Qg8 25. Qf3 Rh7 26. Qg4 Qxg4 27. hxg4 h3 28. g3
Rc2 29. Na3 Rxc3 30. Nc4 Rxd3 31. Rxe5 Rd4 32. Nxd6 cxd6 33. Rh5 Rxh5 34. gxh5
Rxd5 35. g4 Rg5 36. Rg1 Ke7 37. Kh2 Kf6 38. Kxh3 Kg7 39. Kh4 Kh6 40. Rf1 Rg7 41.
Rf6+ Kh7 42. Rxd6 1-0

[Event "Challenge"]
[Site "http://www.queenalice.com/game.php?id=1335915"]
[Date "2015.1.21"]
[Round "-"]
[White "tucuman"]
[Black "gislibjo"]
[Result "1/2-1/2"]
[WhiteElo "1722"]
[BlackElo "1784"]

1. Nf3 d5 2. d4 Nc6 3. e3 Nf6 4. a3 Bg4 5. h3 Bh5 6. Be2 Bg6 7. Nc3 a6 8. O-O
Qd6 9. Bd3 Bxd3 10. Qxd3 h6 11. b4 e6 12. Ne2 Be7 13. Ng3 O-O 14. e4 dxe4 15.
Nxe4 Nxe4 16. Be3 f5 17. Rfe1 Rad8 18. Red1 b5 19. c3 g5 20. Nh2 h5 21. f3 Nf6
22. Bxg5 Qg3 23. h4 Qd6 24. Qe3 Ne4 25. fxe4 fxe4 26. Qxe4 Nb8 27. Qg6+ Kh8 28.
Qxh5+ Kg8 29. Qg6+ Kh8 30. Qh5+ Kg8 31. Bh6 Rf7 32. Qg6+ Kh8 33. Qxf7 Rg8 34.
Rf1 Nd7 35. Bf4 e5 36. Qh5+ Kg7 1/2-1/2

[Event "Challenge"]
[Site "http://www.queenalice.com/game.php?id=1335921"]
[Date "2015.1.21"]
[Round "-"]
[White "gislibjo"]
[Black "tucuman"]
[Result "1/2-1/2"]
[WhiteElo "1787"]
[BlackElo "1721"]

1. e4 e5 2. Nf3 d6 3. h3 h6 4. Nc3 Nf6 5. Bc4 a6 6. O-O Nc6 7. d4 Nxd4 8. Nxd4
exd4 9. Qxd4 Bd7 10. e5 dxe5 11. Qxe5+ Be7 12. Be3 c6 13. Rad1 O-O 14. g4 Nh7
15. Ne4 Bf6 16. Qh5 Qe7 17. c3 Be6 18. Bd3 Ng5 19. f4 Nxe4 20. Rf3 Bd5 21. h4
Bxh4 22. g5 Nxg5 23. fxg5 Bxf3 24. Qxf3 Bxg5 25. Bf2 Rad8 26. Bc2 Rxd1+ 27. Bxd1
Rd8 28. Bb3 Bf6 29. Be3 Rd3 30. Kf2 Bg5 31. Bc4 Bxe3+ 32. Kg2 Qg5+ 33. Kf1 Qg1+
34. Ke2 1/2-1/2

[Event "Challenge"]
[Site "http://www.queenalice.com/game.php?id=1338172"]
[Date "2015.1.30"]
[Round "-"]
[White "tucuman"]
[Black "gislibjo"]
[Result "0-1"]
[WhiteElo "1643"]
[BlackElo "1807"]

1. e4 e5 2. Nf3 d6 3. Nc3 a6 4. d3 h6 5. h3 Nf6 6. Be2 Be7 7. a3 O-O 8. Be3 Nc6
9. Nh2 d5 10. exd5 Nxd5 11. Nxd5 Qxd5 12. O-O f5 13. Bf3 e4 14. dxe4 Qe5 15. c3
fxe4 16. Bg4 Bd6 17. g3 g6 18. Bf4 Qc5 19. Qe2 Bxf4 20. gxf4 Re8 21. Bxc8 Raxc8
22. Qg4 Ne7 23. Rae1 Qc6 24. f5 Nxf5 25. Qd1 Re7 26. Ng4 Rce8 27. Ne3 Nh4 28.
Re2 Nf3+ 29. Kg2 Qf6 30. Qd4 Qf4 31. Ng4 Nxd4 32. Re3 Nc6 33. Rg3 Rf7 34. b4 h5
35. Ne3 g5 36. Nd5 Qd2 37. c4 Ne5 38. Ne3 g4 39. hxg4 Rg7 40. Rh1 Nxg4 41. Nxg4
hxg4 42. Rh4 e3 43. Rxe3 Rxe3 0-1

[Event "Challenge"]
[Site "http://www.queenalice.com/game.php?id=1338577"]
[Date "2015.2.1"]
[Round "-"]
[White "gislibjo"]
[Black "Kraken"]
[Result "1-0"]
[WhiteElo "1782"]
[BlackElo "1792"]

1. e4 b6 2. d4 Bb7 3. Nc3 Na6 4. a3 e6 5. Nf3 g6 6. Bd3 Bg7 7. O-O f5 8. exf5
exf5 9. Re1+ Ne7 10. Bc4 d5 11. Bxa6 Bxa6 12. Ng5 Qd6 13. Ne6 Rg8 14. Bg5 Bc8
15. Bxe7 1-0

[Event "Challenge"]
[Site "http://www.queenalice.com/game.php?id=1338747"]
[Date "2015.2.2"]
[Round "-"]
[White "gislibjo"]
[Black "tucuman"]
[Result "1-0"]
[WhiteElo "1798"]
[BlackElo "1628"]

1. e4 e5 2. Nf3 d6 3. h3 Nf6 4. Nc3 h6 5. Bc4 a6 6. O-O Nc6 7. d4 exd4 8. Nxd4
Bd7 9. a3 Nxd4 10. Qxd4 Be7 11. Re1 O-O 12. f4 c5 13. Qd3 Nh7 14. f5 Bf6 15. Nd5
Bc6 16. Bf4 Bxd5 17. Bxd5 Rb8 18. c3 Re8 19. g4 b5 20. Kg2 Bg5 21. Bxd6 c4 22.
Qd1 Rb6 23. Bg3 Nf6 24. Qf3 Nxd5 25. exd5 Rxe1 26. Rxe1 Bf6 27. Qe4 Rb7 28. d6
Kh7 29. Qxb7 Qf8 30. d7 Qc5 31. Rd1 Bd8 32. Qc8 1-0

[Event "Challenge"]
[Site "http://www.queenalice.com/game.php?id=1340997"]
[Date "2015.2.12"]
[Round "-"]
[White "Kraken"]
[Black "gislibjo"]
[Result "1-0"]
[WhiteElo "1843"]
[BlackElo "1816"]

1. d4 e6 2. e4 d5 3. e5 h6 4. c3 Be7 5. Nf3 g6 6. g3 f6 7. Bg2 b6 8. b4 Ba6 9.
a4 Bc4 10. Na3 Nd7 11. Nxc4 dxc4 12. O-O f5 13. Ba3 Rb8 14. Qe2 Kf7 15. Qxc4 Nf8
16. Rfd1 Qd7 17. d5 Rc8 18. dxe6+ Qxe6 19. Qa6 g5 20. Nxg5+ Bxg5 21. Bd5 Qxd5
22. Rxd5 Ne7 23. b5 Ne6 24. Bxe7 Kxe7 25. a5 Ra8 26. axb6 f4 27. bxc7 fxg3 28.
Qd6+ Kf7 29. fxg3 Rhe8 30. Rf1+ Kg7 31. Qd7+ Re7 32. c8=Q Rxc8 33. Qxc8 h5 34.
Rd7 Nc5 35. Rxe7+ Bxe7 36. Qc7 Ne4 37. Qxe7+ Kg6 38. Qf7+ Kh6 39. Qf4+ Kh7 40.
Qxe4+ Kh8 41. Rf7 1-0

[Event "Reykjavík Challenge"]
[Site "http://www.queenalice.com/game.php?id=1348688"]
[Date "2015.3.19"]
[Round "-"]
[White "gislibjo"]
[Black "burt_loml"]
[Result "1-0"]
[WhiteElo "1801"]
[BlackElo "1815"]

1. e4 e6 2. Nf3 d5 3. e5 c5 4. c3 Nc6 5. Bb5 a6 6. Bxc6+ bxc6 7. O-O c4 8. d4
cxd3 9. Qxd3 Bc5 10. Nbd2 Ne7 11. Nb3 Bb6 12. Bg5 h6 13. Bh4 a5 14. Rfe1 Ba6 15.
Qc2 Qc7 16. Nbd4 O-O 17. Bxe7 Qxe7 18. Nxc6 Qc5 19. Ncd4 Rac8 20. Qd2 Qc4 21. h3
Rce8 22. g4 Bxd4 23. Nxd4 f6 24. Kg2 fxe5 25. Rxe5 g5 26. Nxe6 Rf6 27. Rxg5+
hxg5 28. Qxg5+ Kf7 29. Qg7+ Kxe6 30. Re1+ Qe2 31. Rxe2+ Bxe2 32. Qg5 Kf7 33.
Qxd5+ Ree6 34. Qxa5 Ra6 35. Qc7+ Kg6 36. a3 Rac6 37. Qe5 Rce6 38. Qb8 Bf3+ 39.
Kg3 Kg5 40. a4 Re4 41. h4+ Kg6 42. Qg8+ Kh6 43. g5+ Kh5 44. Qh7+ 1-0

[Event "Challenge Reykjavik"]
[Site "http://www.queenalice.com/game.php?id=1354257"]
[Date "2015.4.18"]
[Round "-"]
[White "gislibjo"]
[Black "ORNELAS"]
[Result "1-0"]
[WhiteElo "1818"]
[BlackElo "1829"]

1. e4 Nc6 2. d4 d5 3. Bb5 e6 4. exd5 exd5 5. Bxc6+ bxc6 6. h3 Qe7+ 7. Ne2 Bf5 8.
O-O g6 9. Nbc3 Bg7 10. Re1 Qh4 11. Nf4+ Ne7 12. b3 O-O 13. Qd2 Be4 14. Nfe2 Bxg2
15. Kxg2 Nf5 16. Qf4 Rae8 17. Bd2 Bxd4 18. Nxd4 Nxd4 19. Qxh4 Nxc2 20. Rac1
Nxe1+ 21. Bxe1 Re5 22. Qd4 Rg5+ 23. Kh2 Re8 24. Bd2 Rf5 25. Rf1 Rf3 26. Bh6 Re5
27. Qxe5 f6 28. Qe8# 1-0

[Event "Challenge"]
[Site "http://www.queenalice.com/game.php?id=1357787"]
[Date "2015.5.6"]
[Round "-"]
[White "Magogue"]
[Black "gislibjo"]
[Result "0-1"]
[WhiteElo "953"]
[BlackElo "1836"]

1. e4 e5 2. f4 exf4 3. Bc4 Bd6 4. Nf3 h6 5. h4 Nf6 6. e5 Bxe5 7. Nxe5 Qe7 8. O-O
O-O 9. d4 d6 10. Bxf7+ Rxf7 11. Nxf7 Qxf7 12. Bxf4 Bg4 13. Qd3 Nc6 14. Nc3 Re8
15. a3 a6 16. Bg3 g5 17. Rf2 Qg7 18. Raf1 Rf8 19. Ne4 Nd7 20. Rxf8+ Nxf8 21.
Nf6+ Kh8 22. Nxg4 Ne7 23. hxg5 hxg5 24. c3 Nd5 25. Qf3 c6 0-1

[Event "Challenge"]
[Site "http://www.queenalice.com/game.php?id=1357788"]
[Date "2015.5.6"]
[Round "-"]
[White "gislibjo"]
[Black "Magogue"]
[Result "1-0"]
[WhiteElo "1834"]
[BlackElo "955"]

1. e4 e5 2. Nf3 d6 3. h3 Nc6 4. Bb5 Bd7 5. Ba4 Nf6 6. Nc3 a6 7. O-O b5 8. Bb3
Na5 9. d4 exd4 10. Nxd4 c5 11. Bd5 Nxd5 12. exd5 cxd4 13. Qxd4 f6 14. Re1+ Kf7
15. Re3 Nc4 16. Rg3 Bf5 17. Ne4 Bxe4 18. Qxe4 Qe7 19. Qxe7+ Bxe7 20. b3 Nb6 21.
Rd3 Rac8 22. Be3 Bd8 23. Rc1 Re8 24. g4 h6 25. h4 Nd7 26. Bf4 Bc7 27. f3 Re2 28.
Rc3 Ree8 29. Kg2 Nb6 30. Rd3 1-0

[Event "Challenge Reykjavík"]
[Site "http://www.queenalice.com/game.php?id=1367384"]
[Date "2015.6.24"]
[Round "-"]
[White "gislibjo"]
[Black "scheinerbock"]
[Result "0-1"]
[WhiteElo "1838"]
[BlackElo "1880"]

1. e4 d6 2. d4 g6 3. d5 Nf6 4. Nc3 Bg7 5. h3 O-O 6. Bd3 e6 7. Bg5 h6 8. Bh4 Nbd7
9. Nf3 Re8 10. O-O exd5 11. Nxd5 c6 12. Nxf6+ Nxf6 13. Rb1 Be6 14. Nh2 Qb6 15.
b3 Nh5 16. Kh1 d5 17. f4 Bf6 18. Bxf6 Ng3# 0-1

[Event "Challenge Reykjavík"]
[Site "http://www.queenalice.com/game.php?id=1374847"]
[Date "2015.8.1"]
[Round "-"]
[White "gislibjo"]
[Black "antonio_mz"]
[Result "0-1"]
[WhiteElo "1824"]
[BlackElo "1755"]

1. e4 e5 2. Nf3 Nc6 3. Bb5 a6 4. Bxc6 dxc6 5. Nxe5 Nf6 6. d3 Bc5 7. Nc4 Ng4 8.
O-O Qh4 9. h3 Nxf2 10. Rxf2 Qxf2+ 11. Kh1 b5 12. Ne5 f6 13. Ng4 Bxg4 14. Qxg4
Qg1# 0-1

[Event "Challenge Reykjavik"]
[Site "http://www.queenalice.com/game.php?id=1379867"]
[Date "2015.8.27"]
[Round "-"]
[White "gislibjo"]
[Black "Paulobraz"]
[Result "1-0"]
[WhiteElo "1805"]
[BlackElo "1907"]

1. e4 Nf6 2. Nc3 e5 3. Bc4 Nc6 4. Nf3 h6 5. h3 Bb4 6. d3 Bxc3+ 7. bxc3 O-O 8.
O-O a6 9. a3 b5 10. Ba2 a5 11. Nh2 a4 12. f4 exf4 13. Bxf4 d6 14. g4 g5 15. Be3
Ne5 16. Qe2 Kg7 17. Qg2 c5 18. Rf2 Ra7 19. Raf1 Ned7 20. h4 gxh4 21. g5 Kh7 22.
Ng4 Nxg4 23. Qxg4 Nf6 24. Qxh4 Ng4 25. Rf3 f5 26. exf5 Bxf5 27. Rxf5 Rxf5 28.
Rxf5 Qe8 29. Bd2 h5 30. g6+ Qxg6 31. Rxh5+ Nh6+ 32. Kh2 1-0